Kraje o najmniejszym zanieczyszczeniu powietrza - Statystyki

Ogólne statystyki
  • Ten quiz został rozwiązany 736 razy
  • Średni wynik to 11 z 21
Statystyki odpowiedzi
μg/m3 populacja kraj % Poprawnych
7,0 5,4 mil Norwegia
83%
6,2 10 mil Szwecja
82%
6,4 37 mil Kanada
81%
5,9 5,6 mil Finlandia
79%
6,5 < 1 mil Islandia
77%
10 5,8 mil Dania
75%
8,6 25 mil Australia
70%
6,0 4,8 mil Nowa Zelandia
63%
7,4 329 mil Stany Zjednoczone
62%
8,2 4,8 mil Irlandia
61%
10,5 67 mil Zjednoczone Królestwo
55%
8,2 10,3 mil Portugalia
54%
6,7 1,3 mil Estonia
53%
9,7 46 mil Hiszpania
53%
10,3 8,6 mil Szwajcaria
48%
10,4 < 1 mil Luksemburg
38%
10,3 < 1 mil Andora
37%
7,8 < 1 mil Malediwy
14%
9,3 3,5 mil Urugwaj
12%
5,9 < 1 mil Brunei
9%
10,2 < 1 mil Wyspy Marshalla
8%
Nie znaleziono quizów pasujących do podanych kryteriów
Rozkład punktacji
Procent ludzi z każdym wynikiem
Percentyl według liczby udzielonych odpowiedzi
Twoja historia wyników
Nie rozwiązałeś tego quizu